| 000 | 01145cam a2200325 i 4500 | ||
|---|---|---|---|
| 001 | 3295358 | ||
| 003 | EG-ScBUE | ||
| 005 | 20250114132411.0 | ||
| 008 | 830609t1983 ilua f b 001 0 eng d | ||
| 020 | _a0226109534 (pbk.) | ||
| 020 | _a9780226109534 | ||
| 040 |
_aDLC _beng _erda _cDLC _dDLC _dEG-ScBUE |
||
| 082 | 0 | 4 |
_a521.58 _222 _bCLA |
| 100 | 1 |
_aClayton, Donald D., _eauthor. _937566 |
|
| 245 | 1 | 0 |
_aPrinciples of stellar evolution and nucleosynthesis : _bwith a new preface / _cDonald D. Clayton. |
| 250 | _aUniversity of Chicago press edition. | ||
| 264 | 1 |
_aChicago ; _aLondon : _bUniversity of Chicago Press, _c[1983] |
|
| 264 | 4 | _cc1983 | |
| 300 |
_axxii, 612 pages : _billustrations ; _c23 cm |
||
| 336 |
_2rdacontent _atext _btxt |
||
| 337 |
_aunmediated _2rdamedia _bn |
||
| 338 |
_avolume _bnc _2rdacarrier |
||
| 500 | _aReprint. Originally published : New York : McGraw-Hill, [1968] | ||
| 504 | _aIncludes bibliographical references and index. | ||
| 650 | 7 |
_aStars _xEvolution. _2BUEsh _937569 |
|
| 650 | 7 |
_aNucleosynthesis. _2BUEsh _937570 |
|
| 653 |
_bENGGEN _cMarch2015 |
||
| 655 |
_vReading book _934232 |
||
| 942 |
_2ddc _cBB |
||
| 999 |
_c19148 _d19120 |
||